000
00335nam a22001457a 4500
008
210301b ||||| |||| 00| 0 eng d
020
_a
1879694190
041
_a
eng
080
_a
004
082
_a
004
100
_a
28
101
_a
SHK
245
_a
A survey of Technology-Based Distance Education
_c
Whitis, G.R
942
_2
udc
_c
BK
999
_c
55314
_d
55314